1960/70s Music Icons - Statistics

General Stats
  • This quiz has been taken 130 times
  • The average score is 15 of 20
Answer Stats
Picture Answer % Correct
John Lennon
100%
Elton John
96%
Jimi Hendrix
96%
Paul McCartney
96%
Mick Jagger
93%
David Bowie
91%
Ray Charles
89%
Bob Dylan
88%
George Harrison
81%
Stevie Wonder
80%
Roy Orbison
77%
Art Garfunkel
75%
Jim Morrison
74%
Barry Gibb
71%
Eric Clapton
71%
Marvin Gaye
69%
Robert Plant
62%
Jimmy Page
53%
Roger Daltrey
37%
John Entwistle
4%
No matching quizzes found
Score Distribution
Percent of People with Each Score
Percentile by Number Answered
Your Score History
You have not taken this quiz